SMR responds to changing requirements of consumers and producers (Record no. 68792)

MARC details
000 -LEADER
fixed length control field 00406nam a2200133Ia 4500
100 ## - MAIN ENTRY--AUTHOR NAME
Personal name Thong C K
245 #0 - TITLE STATEMENT
Title SMR responds to changing requirements of consumers and producers
260 ## - PUBLICATION, DISTRIBUTION, ETC. (IMPRINT)
Name of publisher Proceedings of the RRIM Planters Conference, Kuala Lumpur, 1974; p263-277
650 ## - SUBJECT ADDED ENTRY--TOPICAL TERM
Topical Term SMR production
700 ## - ADDED ENTRY--PERSONAL NAME
Personal name Lee J T H
700 ## - ADDED ENTRY--PERSONAL NAME
Personal name Loke K M
942 ## - ADDED ENTRY ELEMENTS (KOHA)
Koha item type Journals
Holdings
Withdrawn status Lost status Damaged status Not for loan Home library Current library Shelving location Date acquired Koha item type
      Journals RRII Library RRII Library Rubber general 17/12/2021 Journals